000 00729nam a2200253 i 4500
001 C2-0305469
003 PPAK
005 20180728090730.0
008 100823s2009 my |||| ||||| | eng d
020 _a9789832620754
040 _aPPAK
_beng
_cPPAK
_erda
082 0 4 _a421.1
_223
090 0 0 _a421.1
_bMAR
_dR
100 0 _aMariam Mohamed Nor,
_eauthor
245 1 0 _aWriting for ESL teachers
264 1 _aTanjong Malim :
_bPenerbit Universiti Pendidikan Sultan Idris ,
_c2009
300 _ax, 343 pages ;
_c23 cm
336 _2rdacontent
_atext
337 _2rdamedia
_aunmediated
338 _2rdacarrier
_avolume
650 1 0 _aEnglish language - Writing - Study and teaching.
700 _eauthor
942 _ddc
_cB
999 _c108469
_d108469